Cách ứng phó trong phỏng vấn tuyển dụng ở các doanh nghiệp nước ngoài
Hướng dẫn cách ứng phó với nhiều tình huống, cần chuẩn bị những gì về kiến thức, kỹ xảo, tâm lý và những điểm cần chú ý khi bước vào cuộc phỏng vấn và thi tuyển vào doanh nghiệp nước ngoài tại Việt Nam...
Сохранить в:
| Главный автор: | |
|---|---|
| Формат: | |
| Язык: | Vietnamese |
| Опубликовано: |
Hà Nội
Phụ nữ
2007
|
| Предметы: | |
| Метки: |
Добавить метку
Нет меток, Требуется 1-ая метка записи!
|
| Thư viện lưu trữ: | Trung tâm Học liệu Lê Vũ Hùng, Trường Đại học Đồng Tháp |
|---|
| LEADER | 01319aam a22002898a 4500 | ||
|---|---|---|---|
| 001 | 00028682 | ||
| 008 | 120330s2007 ||||||viesd | ||
| 005 | 20171026081023.0 | ||
| 020 | |c 14000 | ||
| 041 | 0 | # | |a vie |
| 082 | 1 | 4 | |a 650.14 |b C102Ư |
| 100 | 1 | # | |a Nguyễn, Thành Tuệ |
| 245 | 1 | 0 | |b ở các doanh nghiệp nước ngoài |a Cách ứng phó trong phỏng vấn tuyển dụng |c Nguyễn Thành Tuệ |
| 260 | # | # | |a Hà Nội |b Phụ nữ |c 2007 |
| 300 | # | # | |a 96tr. |c 21cm. |
| 520 | # | # | |a Hướng dẫn cách ứng phó với nhiều tình huống, cần chuẩn bị những gì về kiến thức, kỹ xảo, tâm lý và những điểm cần chú ý khi bước vào cuộc phỏng vấn và thi tuyển vào doanh nghiệp nước ngoài tại Việt Nam |
| 650 | # | 4 | |a Việc làm |x Tuyển dụng |
| 653 | # | # | |a Công tác xã hội |
| 653 | # | # | |a Doanh nghiệp nước ngoài |
| 653 | # | # | |a Người lao động |
| 653 | # | # | |a Phỏng vấn |
| 653 | # | # | |a Phỏng vấn việc làm |
| 653 | # | # | |a Ứng xử |
| 852 | # | # | |b Kho đọc |j KD.0012797 |
| 852 | # | # | |j KD.0012797 |
| 910 | |d 30/03/2012 | ||
| 980 | # | # | |a Trung tâm Học liệu Lê Vũ Hùng, Trường Đại học Đồng Tháp |